Pri predaji liekov sú v hre zmeny
V zahraničí je bežné, že popri nákupe potravín spotrebiteľ vloží do košíka v supermarkete aj lieky proti bolesti hlavy. Voľnopredajné lieky by chceli ponúkať aj slovenskí hráči, tí však narážajú na mantinely zákonov.
Gespeichert in:
| 1. Verfasser: | |
|---|---|
| Format: | Buchkapitel |
| Sprache: | Slowakisch |
| Schlagworte: | |
| Tags: |
Keine Tags, Fügen Sie das erste Tag hinzu!
|
MARC
| LEADER | 00000naa a2200000 4500 | ||
|---|---|---|---|
| 001 | 0298038 | ||
| 005 | 20240417075259.0 | ||
| 041 | 0 | |a slo | |
| 044 | |a SK | ||
| 245 | 1 | 0 | |a Pri predaji liekov sú v hre zmeny |c Martin Marko |
| 520 | |a V zahraničí je bežné, že popri nákupe potravín spotrebiteľ vloží do košíka v supermarkete aj lieky proti bolesti hlavy. Voľnopredajné lieky by chceli ponúkať aj slovenskí hráči, tí však narážajú na mantinely zákonov. | ||
| 610 | 2 | 0 | |a liečivá |
| 610 | 2 | 0 | |a legislatíva |
| 610 | 2 | 0 | |a predaj |
| 610 | 2 | 0 | |a supermarkety |
| 610 | 2 | 0 | |a lekárne |
| 610 | 2 | 0 | |a konkurencieschopnosť |
| 100 | 1 | |a Marko, Martin | |